| 000 | 00570nam a22001817a 4500 | ||
|---|---|---|---|
| 005 | 20160811125700.0 | ||
| 010 | _aENG-115727 | ||
| 020 |
_a9780199463503 _c650.00 |
||
| 035 | _aEN-99259 | ||
| 037 | _bDBAD/PUB | ||
| 082 | _a954.93032 | ||
| 100 | _aTikku,Mohan K. | ||
| 245 |
_aAfter the fall : _bSri Lanka in victory and war / _cby Mohan K. Tikku |
||
| 260 |
_aNew Delhi _bOxford University Press _c2016 |
||
| 270 |
_aYMCA,Library Building,1 Jai Singh Road _bNew Delhi _e110001 |
||
| 300 |
_axix,308p. _c21cm(Hb) |
||
| 942 |
_2ddc _cEN _h954.93032 _mTIK |
||
| 999 |
_c102185 _d102185 |
||